| 000 -LEADER |
| fixed length control field |
02523cam a22003374a 4500 |
| 001 - CONTROL NUMBER |
| control field |
14218765 |
| 003 - CONTROL NUMBER IDENTIFIER |
| control field |
OSt |
| 005 - DATE AND TIME OF LATEST TRANSACTION |
| control field |
20140116120821.0 |
| 008 - FIXED-LENGTH DATA ELEMENTS--GENERAL INFORMATION |
| fixed length control field |
060104s2006 ncub b 001 0 eng |
| 010 ## - LIBRARY OF CONGRESS CONTROL NUMBER |
| LC control number |
2006000209 |
| 015 ## - NATIONAL BIBLIOGRAPHY NUMBER |
| National bibliography number |
GBA645185 |
| Source |
bnb |
| 016 7# - NATIONAL BIBLIOGRAPHIC AGENCY CONTROL NUMBER |
| Record control number |
013460030 |
| Source |
Uk |
| 020 ## - INTERNATIONAL STANDARD BOOK NUMBER |
| International Standard Book Number |
9780786423569 |
| 035 ## - SYSTEM CONTROL NUMBER |
| System control number |
(OCoLC)ocm62790383 |
| 040 ## - CATALOGING SOURCE |
| Original cataloging agency |
DLC |
| Transcribing agency |
DLC |
| Modifying agency |
BAKER |
| -- |
C#P |
| -- |
UKM |
| -- |
DLC |
| 042 ## - AUTHENTICATION CODE |
| Authentication code |
pcc |
| 043 ## - GEOGRAPHIC AREA CODE |
| Geographic area code |
aw----- |
| 050 00 - LIBRARY OF CONGRESS CALL NUMBER |
| Classification number |
DS62.F75 2006 |
| 100 1# - MAIN ENTRY--PERSONAL NAME |
| Personal name |
Friedman, Saul S., |
| Dates associated with a name |
1937- |
| 245 12 - TITLE STATEMENT |
| Title |
A history of the Middle East / |
| Statement of responsibility, etc |
Saul S. Friedman. |
| 260 ## - PUBLICATION, DISTRIBUTION, ETC. (IMPRINT) |
| Place of publication, distribution, etc |
Jefferson, N.C. : |
| Name of publisher, distributor, etc |
McFarland & Company, Inc., Publishers, |
| Date of publication, distribution, etc |
2006. |
| 300 ## - PHYSICAL DESCRIPTION |
| Extent |
xii, 341 p. : |
| Other physical details |
maps ; |
| Dimensions |
26 cm. |
| 504 ## - BIBLIOGRAPHY, ETC. NOTE |
| Bibliography, etc |
Includes bibliographical references and index. |
| 505 0# - FORMATTED CONTENTS NOTE |
| Formatted contents note |
An introduction to the Middle East -- The dry land -- The blessings of oil -- The cradle of civilization -- Foundations of the Bible -- The origins of law and war -- Ancient Persia: stability through good government -- The age of wonder: Greeks, Romans, Carthaginians -- The Jews: historic roots and definitions -- The Jews and their culture -- Judaism and Christianity -- The Byzantine Empire -- The Arabs and their culture -- Muhammad -- The teachings of Islam -- The Islamic schism -- Expansion of Islam -- Al-amjad: the Abbasid Caliphate -- The Crusades -- Mamelukes, Mongols, and Delhi sultans -- The Ottomans -- Ottoman decline -- World War I -- Republican Turkey -- The renaissance of Arab nationalism -- Political Zionism -- The Middle East between World Wars -- World War II -- Postwar Palestine: two refugee questions -- Egypt: Nasser's philosophy of revolution -- Egypt: Sadat and Mubarak -- Israel and the Palestinians -- Lebanon: good intentions gone awry -- Modern Iran -- The radical Arab states -- The Middle East in the 21st century. |
| 520 ## - SUMMARY, ETC. |
| Summary, etc |
"This history covers the Middle East from its ancient beginnings to the present. The Byzantine and Ottoman empires, which laid much of the framework for the region to move into the modern era, are covered in depth, as are World Wars I and II and the regional conflicts that inflame the Middle East of the 21st century"--Provided by publisher. |
| 651 #0 - SUBJECT ADDED ENTRY--GEOGRAPHIC NAME |
| Geographic name |
Middle East |
| General subdivision |
History. |
| 856 41 - ELECTRONIC LOCATION AND ACCESS |
| Materials specified |
Table of contents only |
| Uniform Resource Identifier |
<a href="http://www.loc.gov/catdir/toc/ecip066/2006000209.html">http://www.loc.gov/catdir/toc/ecip066/2006000209.html</a> |
| 906 ## - LOCAL DATA ELEMENT F, LDF (RLIN) |
| a |
7 |
| b |
cbc |
| c |
orignew |
| d |
1 |
| e |
ecip |
| f |
20 |
| g |
y-gencatlg |
| 942 ## - ADDED ENTRY ELEMENTS (KOHA) |
| Source of classification or shelving scheme |
|
| Koha item type |
Book |